China Yearbook 1966-67
-д хадгалсан:
| Формат: | Ном |
|---|---|
| Хэл сонгох: | англи |
| Хэвлэсэн: |
Taipéi
China Publishing
1967
|
| Нөхцлүүд: | |
| Шошгууд: |
Шошго нэмэх
Шошго байхгүй, Энэхүү баримтыг шошголох эхний хүн болох!
|
MARC
| LEADER | 00000nam a2200000 a 4500 | ||
|---|---|---|---|
| 001 | UCO2350 | ||
| 003 | CL-VaPUC | ||
| 008 | 000602e19670000CH |||||||||||||||||eng|d | ||
| 082 | 0 | 4 | |a 951.056 |b CHI |2 21 |
| 245 | 1 | 0 | |a China Yearbook 1966-67 |
| 300 | |a 882 p | ||
| 942 | |c BK | ||
| 945 | |d 20000602 00:00:00 |a rherrera | ||
| 260 | |a Taipéi |b China Publishing |c 1967 | ||
| 650 | 7 | |a HISTORIA DE CHINA SIGLO 20 |2 CL-VaPUC |9 445447 | |
| 650 | 0 | |a Revolución cultural |9 340386 | |
| 651 | 0 | |a China |9 257545 | |
| 583 | |a last modification |c 20160912 04:52:00 |k Rodrigo Vera | ||
| 999 | |c 288885 |d 288883 | ||
| 952 | |0 0 |1 0 |4 0 |6 951_056000000000000_CHI_1967 |7 0 |8 A |9 336851 |a BIBHIS |b BIBHIS |d 2019-11-20 |i 1285505 |o 951.056 CHI 1967 |p 1285505 |r 2025-01-20 |w 2019-11-20 |y BK |k HIS | ||